[Event "Le Touquet op 22nd B"]
[Site "Le Touquet"]
[Date "2007.10.29"]
[Round "4.13"]
[White "Rouffignac, Tanguy"]
[Black "Guyon, Jean Paul"]
[Result "1-0"]
[WhiteElo "1597"]
[BlackElo "1713"]
[PlyCount "51"]
[EventDate "2007.10.27"]
[EventType "swiss"]
[EventRounds "9"]
[EventCountry "FRA"]
[SourceTitle "EXT 2024"]
[Source "ChessBase"]
[SourceDate "2023.10.10"]
[SourceVersion "1"]
[SourceVersionDate "2023.10.10"]
[SourceQuality "1"]

1. e4 c5 2. Nf3 d6 3. d4 cxd4 4. Nxd4 Nf6 5. Nc3 Nc6 6. f4 Bd7 7. Be3 a6 8. Be2 e6 9. 0-0 Be7 10. Qe1 0-0 11. Qg3 Qc7 12. f5 Kh8 13. Rad1 Rg8 14. Bg5 Rae8 15. Qh4 Nxd4 16. Rxd4 exf5 17. exf5 Qc5 18. Kh1 Ne4 19. Rxe4 Bxg5 20. Qxg5 Rxe4 21. Nxe4 Qe5 22. Bd3 Bc6 23. Qf4 Qxb2 24. Nxd6 Rf8 25. Nxf7+ Kg8 26. Ng5 1-0